00252nam a2200109Ia 4500008004100000082001600041100001700057245002500074250000900099260002600108300000800134150731s2014 xx 000 0 und d a611bH 14 T aTANDON, B.K. aTB. OF HUMAN ANATOMY a2 ND bAHUJA PUB.DELHIc2014 a253